CHICKEN SOUP FOR THE TEENAGE SOUL II (Record no. 8)
[ view plain ]
| 000 -LEADER | |
|---|---|
| fixed length control field | 00389nam a22001337a 4500 |
| 020 ## - INTERNATIONAL STANDARD BOOK NUMBER | |
| ISBN | 0-439-13508-7 |
| 082 ## - DEWEY DECIMAL CLASSIFICATION NUMBER | |
| Classification number | 823 |
| Item number | CAN/C |
| 100 ## - MAIN ENTRY--AUTHOR NAME | |
| Personal name | JACK CANFIELD, MARK VICTOR HANSEN, KIMBERLY KIRBERGER |
| 245 ## - TITLE STATEMENT | |
| Title | CHICKEN SOUP FOR THE TEENAGE SOUL II |
| 260 ## - PUBLICATION, DISTRIBUTION, ETC. (IMPRINT) | |
| Place of publication | NEW YORK |
| Name of publisher | FIRST SCHOLASTIC PRINTING |
| Year of publication | 1999 |
| 300 ## - PHYSICAL DESCRIPTION | |
| Number of Pages | 351 |
| 650 ## - SUBJECT ADDED ENTRY--TOPICAL TERM | |
| Topical Term | STORIES OF LIFE LOVE AND LEARNING |
| Geographic subdivision | UNITED STATES |
| 942 ## - ADDED ENTRY ELEMENTS (KOHA) | |
| Koha item type | Books |
| Withdrawn status | Lost status | Collection code | Home library | Current library | Shelving location | Date acquired | Full call number | Accession Number | Koha item type |
|---|---|---|---|---|---|---|---|---|---|
| Fiction | Main Library | Main Library | SHELF-12B-CHICKEN SOUP,ROALD DAH | 21/07/2012 | 823 CAN/C | 06082 | Books |